000 00510nam a2200181Ia 4500
001 9143
005 20260306160701.0
008 260306t1997||||xx |||||||||||||| ||spa||
041 _aESP
082 _a372.985
_bF75
100 _aRamírez de Sánchez-Moreno, Eliana
_eAUT
245 0 _aHacia una propuesta de Educación Primaria para el Perú:
_bAlternativas Pedagógicas y de Gestión
260 _c1997
300 _a156 páginas :
_c21 cm.
650 _aGEN
654 _aCED
942 _cLIB
_dJUS
_fJUS
_2ddc
_n
999 _c9143
_d9143